LEADER 01566nam a2200325 i 4500 001 000000150852 003 CaOOAMICUS 005 20060614000000.0 008 060614s2006 it u000 u ita u 013 $a128190 020 $a88-7229-307-3 040 $aSeMil$bita 100 1 $aLazzarotto, Angelo S. <1925- ; PIME>.$0(OLS)http://semarc/name/16337 245 10$aPolitica religiosa in Cina :$bcontradditoria ricerca di una "società armoniosa" /$cAngelo S. Lazzarotto ; prefazione di Giulio Andreotti. 260 $aMorena (Roma) :$bOCD,$c2006. 260 $aSeregno (MI) :$bCollegio Ballerini,$c2006. 300 $a185 p. ;$c21 cm. 490 0 $aQuaderni Balleriniani ;$v23 650 4$aCina - Religione.$0(OLS)http://semarc/subject/4911 650 4$aCina - Cristianesimo.$0(OLS)http://semarc/subject/11684 700 1 $aAndreotti, Giulio,$d<1919-2013>.$0(OLS)http://semarc/name/8188 774 0 $tPiccolo dizionario (gastronomico) di personaggi famosi.$w()304989 830 0$aQuaderni Balleriniani ;$v23.$0(OLS)http://semarc/title/412 850 $aSeMil 852 $aSeMil$W1$xVenegono$y1$m3J III 253$j102913$B102913$CSeMilBibl$Z2$F111861 $81 961 $aOmaggio: Casa editrice 996 $6020$a88-7229-307-3$9(OLS)http://semarc/number/140313 996 $6245$aPolitica religiosa in Cina :$bcontradditoria ricerca di una "società armoniosa"$9(OLS)http://semarc/title/220493 996 $6260$aSeregno (MI) :$bCollegio Ballerini$9(OLS)http://semarc/publisher/31716 996 $6260$aMorena (Roma) :$bOCD$9(OLS)http://semarc/publisher/31717 LEADER 01370nam a2200301 i 4500 001 000000051729 003 CaOOAMICUS 005 20090330000000.0 008 090330s1981 it u000 u ita u 013 $a22901 040 $aSeMil$bita 100 1 $aMcLuhan, Marshall <1911-1980>.$0(OLS)http://semarc/name/25554 240 14$aThe Gutenberg galaxy.$0(OLS)http://semarc/title/79290 245 13$aLa galassia Gutenberg :$bnascita dell'uomo tipografico /$cMarshall McLuhan ; [trad. a cura di Stefano Rizzo]. 250 $a1. rist. 260 $aRoma :$bA. Armando,$c1981. 300 $a383 p. ;$c22 cm. 490 0 $aProblemi di sociologia. Nuova serie ;$v23 650 4$aStampa - Storia.$0(OLS)http://semarc/subject/9497 650 4$aMutamento sociale.$0(OLS)http://semarc/subject/10639 650 4$aStampa - Diffusione - Effetti sociali.$0(OLS)http://semarc/subject/10640 700 1 $aRizzo, Stefano <1946->.$0(OLS)http://semarc/name/17499 830 0$aProblemi di sociologia. Nuova serie ;$v23.$0(OLS)http://semarc/title/21090 850 $aSeMil 852 $aSeMil$W1$xVenegono$y1$m3N IV 270$j17884$B17884$CSeMilBibl$Z2$F17885 $81 961 $aOmaggio: Madaschi don Dario 996 $6245$aLa galassia Gutenberg :$bnascita dell'uomo tipografico$9(OLS)http://semarc/title/79289 996 $6260$aRoma :$bA. Armando$9(OLS)http://semarc/publisher/30005